Central Library OPAC University of Rajshahi

History of modern India : (Record no. 61280)

MARC details
000 -LEADER
fixed length control field 00746nam a2200253 a 4500
001 - CONTROL NUMBER
control field 61280
003 - CONTROL NUMBER IDENTIFIER
rucl marc code BD-RjUL
005 - DATE AND TIME OF LATEST TRANSACTION
control field 20211209080937.0
008 - FIXED-LENGTH DATA ELEMENTS--GENERAL INFORMATION
fixed length control field 170116s1997 ii 000 0 eng d
020 ## - INTERNATIONAL STANDARD BOOK NUMBER
International Standard Book Number 8186383360
035 ## - SYSTEM CONTROL NUMBER
System control number (BD-RjUL)61404
System control number 1743679
040 ## - CATALOGING SOURCE
Original cataloging agency ANL
Language of cataloging eng
Transcribing agency ANL
Modifying agency BD-RjUL
041 ## - LANGUAGE CODE
Language code of text/sound track or separate title eng
082 ## - DEWEY DECIMAL CLASSIFICATION NUMBER
Edition number 23
Classification number 954.0292
Author mark and year CHH 1997
100 1# - MAIN ENTRY--PERSONAL NAME
Personal name Chatterjee, Suranjan
9 (RLIN) 182769
245 10 - TITLE STATEMENT
Title History of modern India :
Remainder of title 1707-1857 /
Statement of responsibility, etc. Suranjan Chatterjee, Siddhartha guha Ray
260 ## - PUBLICATION, DISTRIBUTION, ETC. (IMPRINT)
Place of publication, distribution, etc. Calcutta,
Name of publisher, distributor, etc. Progressive Publishers,
Date of publication, distribution, etc. 1997
300 ## - PHYSICAL DESCRIPTION
Pagination 267 p. ;
Size 20 cm.
504 ## - BIBLIOGRAPHY, ETC. NOTE
Bibliography, etc includes bibliography
651 #0 - SUBJECT ADDED ENTRY--GEOGRAPHIC NAME
Geographic name India
General subdivision History.
9 (RLIN) 172810
700 ## - ADDED ENTRY--PERSONAL NAME
Personal name Ray, Siddhartha Guha
942 ## - ADDED ENTRY ELEMENTS (KOHA)
Source of classification or shelving scheme Dewey Decimal Classification
Koha item type Books
Holdings
Lost status Source of classification or shelving scheme Damaged status Not for loan Collection code Permanent Location Current Location Shelving location Date acquired Source of acquisition Cost, normal purchase price Total Checkouts Full call number Date last seen Copy number Koha item type
  Dewey Decimal Classification   Not For Loan Non-fiction Central Library, University of Rajshahi Central Library, University of Rajshahi Reading Room 28/02/2006 Paragon Enterprises Dhaka 125.00   954.0292 CHH 1997 16/01/2017 C-1 Books
  Dewey Decimal Classification     Non-fiction Central Library, University of Rajshahi Central Library, University of Rajshahi   28/02/2006 Dhaka, Paragon Enterprises 125.00   954.0292 CHH 1997 06/02/2017 C-2 Books